000 00585nam a22001937a 4500
005 20251111060956.0
008 251111b |||||||| |||| 00| 0 eng d
040 _aIN-DiNC
_cIN-DiNC
041 _dasm
082 _a954
_bBEN
100 _aBenarjee, Anil Chandra
_eauthor
245 _aBharatar buranji/
_cby Anil Chandra Benarjee
250 _a2nd ed.
260 _aDibrugarh:
_bCoordination comittee for production of text books, Dibrugarh University,
_c1978.
300 _a269p.
650 _aHistory of India
700 _aBaruah, Prafulla Kumar
_eTranslator
942 _2ddc
_cBK
999 _c12294
_d12294